Normal view
MARC view
Entry Nombre personal
001 - NÚMERO DE CONTROL
- campo de control: 111179
003 - IDENTIFICADOR DE NÚMERO DE CONTROL
- campo de control: OSt
005 - FECHA Y HORA DE LA ÚLTIMA TRANSACCIÓN
- campo de control: 20250423131414.0
008 - ELEMENTOS DE DATO DE LONGITUD-FIJA
- campo de control de longitud fija: 250423|| aca||aabn | a|a d
040 ## - FUENTE DE CATALOGACIÓN
- Centro catalogador/agencia de origen: OSt
046 ## - FECHAS CON CODIFICACIÓN ESPECIAL
- Fecha de nacimiento: 1867
- Fecha de la muerte: 1934
100 ## - ENCABEZAMIENTO-NOMBRE DE PERSONA
- Nombre de persona: Gómez Rodríguez, Enrique
- Fechas asociadas al nombre: (1867-1934)
370 ## - LUGAR ASOCIADO
- Lugar de nacimiento: Luarca (Valdés, Asturias, España)
- Lugar de fallecimiento: Tineo (Asturias, España)
372 ## - CAMPO DE ACTIVIDAD
- Campo de actividad: Fotografías
374 ## - OCUPACIÓN
- Ocupación: Fotógrafos
375 ## - GÉNERO/SEXO
- Género: Masculino
670 ## - FUENTE DE DATOS ENCONTRADOS
- Enlace: Fotógrafo fundador de la saga Foto Gómez, firma familiar de fotógrafos de Luarca. -- Emigra a Madrid y después de contraer matrimonio se instala como fotógrafo profesional en la Glorieta de Bilbao, nº 5.
- Cita de la fuente: WWW PARES
670 ## - FUENTE DE DATOS ENCONTRADOS
- Cita de la fuente: Rodríguez Molina, María José. Sanchis Alfonso, José Ramón. Directorio de fotógrafos en España (1851-1936) : (elaborado con la información que proporcionan los anuarios y guías comerciales). Valencia: Archivo General y Fotográfico de la Diputación de Valencia. 2013. 2 v. (1021 p.). ISBN: 978-84-7795-673-0.